Writing Guidelines for Business Students (Record no. 14835)

MARC details
000 -LEADER
fixed length control field 00325nam a2200133Ia 4500
008 - FIXED-LENGTH DATA ELEMENTS--GENERAL INFORMATION
fixed length control field 230312s9999||||xx |||||||||||||| ||und||
020 ## - INTERNATIONAL STANDARD BOOK NUMBER
International Standard Book Number 978-0170-182393
082 ## - DEWEY DECIMAL CLASSIFICATION NUMBER
Classification number 808.06665
Item number EME-W
100 ## - MAIN ENTRY--PERSONAL NAME
Personal name Emerson;Lisa
245 #0 - TITLE STATEMENT
Title Writing Guidelines for Business Students
300 ## - PHYSICAL DESCRIPTION
Extent 128
650 ## - SUBJECT ADDED ENTRY--TOPICAL TERM
Topical term or geographic name entry element Management
942 ## - ADDED ENTRY ELEMENTS (KOHA)
Koha item type BOOK
Holdings
Withdrawn status Lost status Source of classification or shelving scheme Damaged status Not for loan Home library Current library Date acquired Total Checkouts Full call number Barcode Date last seen Price effective from Koha item type
    Dewey Decimal Classification     Superior Information Resource Center (SIRC) Superior University- Central Library Superior Information Resource Center (SIRC) Superior University- Central Library 03/13/2023   808.06665 EME-W 14978 03/13/2023 03/13/2023 BOOK

Powered by Koha